[Event "EIWCC 2017"]
[Site "Riga"]
[Date "2017.04.12"]
[Round "2"]
[White "Arda, Cagil Irmak"]
[Black "Kashlinskaya, Alina"]
[Result "0-1"]
[WhiteElo "2089"]
[BlackElo "2426"]
[Annotator "TA"]
[PlyCount "98"]
[EventDate "2017.??.??"]
[EventType "swiss"]
[EventCountry "LAT"]
[SourceTitle "playchess.com"]
[Source "ChessBase"]
[SourceQuality "1"]

{[%evp 15,98,24,27,22,25,0,2,0,0,-18,-4,-4,-4,-7,4,-17,-11,-8,-6,-98,-17,-40,-42,-35,-41,-43,-36,-29,-39,-68,-6,-55,0,-4,0,-20,0,-41,-2,-31,-29,-25,-34,-42,22,-30,0,0,47,24,8,-53,-56,-54,-46,-243,-236,-235,-224,-229,-238,-216,-104,-342,-327,-373,-358,-336,-219,-299,-207,-1068,-1080,-1042,-973,-797,-757,-827,-825,-877,-971,-1719,-1694,-1732,-1711]} 1. e4 c5 2. Nf3 d6 3. Bb5+ Nd7 4. O-O a6 5. Bd3 {B51: Sicilian: Moscow Variation (3 Bb5+) without 3...Bd7} Ngf6 6. Re1 b5 (6... e6 7. c3 b5 8. Bc2 c4 9. a4 Bb7 10. d4 cxd3 11. Bxd3 bxa4 12. Qxa4 Be7 13. h3 O-O 14. Be3 Qc7 15. Nbd2 Rfb8 16. Qa5 Bd8 17. Qxc7 Bxc7 18. b4 {½-½ (18) Nakamura,H (2785)-Vachier Lagrave,M (2796) Sharjah 2017}) 7. c4 bxc4 8. Bxc4 Nb6 {LiveBook: 8 Games} 9. Bf1 e5 10. h3 $146 (10. b4 cxb4 11. d4 Bb7 12. a3 Be7 13. axb4 Nxe4 {½-½ (23) Van Kampen,R (2626)-Baron,T (2510) Jerusalem 2015}) 10... Be7 11. Nc3 O-O 12. d3 h6 13. Nd2 Be6 14. Nc4 Nbd7 15. f4 exf4 16. Bxf4 d5 17. Nd6 {[#]} (17. Nxd5 $11 {keeps the balance.} Nxd5 18. exd5 Bxd5 19. Qg4) 17... Nb6 (17... d4 $1 $17 {[%cal Rd4c3]} 18. Ne2 g5) 18. Nf5 Bxf5 $1 19. exf5 d4 20. Ne4 Nbd5 21. Bd2 Rb8 22. b3 a5 (22... Nb4 $15) 23. Rc1 Nd7 (23... Nb4 $15) 24. Qg4 $11 Kh8 25. Qh5 N7f6 26. Qd1 Rc8 27. Rc4 Nb4 28. a3 Nbd5 $1 29. Qc1 {[%cal Re4c5]} Qd7 ({Black should play} 29... Nd7 $15) 30. g4 (30. Bxa5 Ne3 31. Rxe3 (31. Nxf6 Bxf6 32. Rxc5 Rxc5 33. Qxc5 Rc8 $17) 31... dxe3 32. Qxe3 Qxf5 $17) (30. Nxc5 $142 Qxf5 31. Ne4) 30... Qa7 31. Bg2 Kg8 32. Nxf6+ Nxf6 33. g5 (33. Bxa5 $11 Bd6 34. Bd2) 33... hxg5 $15 34. Bxg5 Rfe8 35. Qf4 $2 {[#]} (35. Rc2 $15) 35... Nh5 $1 $19 {[%cal Rh5f4]} 36. Qh4 Bxg5 37. Rxe8+ Rxe8 38. Qxg5 Nf6 (38... Qc7 $19 {and Black stays clearly on top. White must now prevent ...Re1+.} 39. f6 (39. Qxh5 $2 Qg3 40. Qd1 Re1+ 41. Qxe1 Qxe1+ 42. Kh2 Qe5+ 43. Kg1 Qe1+ 44. Kh2 Qe5+ 45. Kg1 Qe3+ 46. Kh2 Qxd3 47. Rxc5 Qxb3 $19) 39... Re5) 39. Be4 $2 (39. Bf1 $17) 39... Qb6 (39... Nxe4 40. dxe4 Qb8 41. f6 $17) 40. Rc2 {next Rg2 is good for White.} Nxe4 ({Not} 40... Qxb3 41. Rg2 Kf8 42. Qxg7+ Ke7 43. Re2 Qd1+ 44. Kf2 $17) 41. dxe4 Qxb3 {[%mdl 4096] Endgame ...f6 is the strong threat. KQR-KQR} ({Less strong is} 41... Rxe4 42. Rg2 Kf8 43. Qxg7+ Ke8 44. Qh8+ Kd7 45. Qa8 Re1+ 46. Kf2 $15) 42. Rg2 {[%csl Gg2][%cal Rg5g7]} Qe3+ 43. Kf1 $2 (43. Qxe3 dxe3 44. f6) 43... Qxg5 {Black is clearly winning.} 44. Rxg5 {KR-KR} f6 45. Rg4 Kf7 46. Ke2 c4 47. Kd2 Rb8 48. Rg3 Rb2+ 49. Kc1 Rb3 0-1

[Event "EIWCC 2017"]
[Site "Riga"]
[Date "2017.04.12"]
[Round "2"]
[White "Baptista, Ana Filipa"]
[Black "Michna, Marta"]
[Result "0-1"]
[WhiteElo "2071"]
[BlackElo "2389"]
[Annotator "ChessBase"]
[PlyCount "50"]
[EventDate "2017.??.??"]
[EventType "swiss"]
[EventCountry "LAT"]
[SourceTitle "playchess.com"]
[Source "ChessBase"]
[SourceQuality "1"]
[TimeControl "40/5400+30:1800+30"]

1. e4 {[%emt 0:00:00]} g6 {[%emt 0:00:24]} 2. d4 {[%emt 0:01:00]} Bg7 {[%emt 0:00:04]} 3. Nc3 {[%emt 0:02:38]} d6 {[%emt 0:01:51]} 4. Be3 {[%emt 0:01:54]} Nd7 {[%emt 0:01:00]} 5. h4 {[%emt 0:03:14]} Ngf6 {[%emt 0:07:18]} 6. Be2 {[%emt 0:12:55]} h5 {[%emt 0:02:52]} 7. f3 {[%emt 0:02:40]} c6 {[%emt 0:02:30]} 8. Qd2 {[%emt 0:04:29]} b5 {[%emt 0:01:04]} 9. d5 {[%emt 0:08:23]} cxd5 {[%emt 0:09:03]} 10. Bxb5 {[%emt 0:03:20]} dxe4 {[%emt 0:11:52]} 11. Bc6 {[%emt 0:01:57]} Rb8 {[%emt 0:00:13]} 12. Bxa7 {[%emt 0:02:31]} Rxb2 {[%emt 0:01:08]} 13. Na4 {[%emt 0:01:26]} Qc7 {[%emt 0:05:32]} 14. Nxb2 {[%emt 0:21:55]} Qxa7 {[%emt 0:03:00]} 15. Qb4 {[%emt 0:04:41]} O-O {[%emt 0:04:52]} 16. Ne2 {[%emt 0:09:59]} exf3 {[%emt 0:07:23]} 17. Bxf3 {[%emt 0:04:54]} Ne5 {[%emt 0:00:31]} 18. a4 {[%emt 0:05:06]} Nfg4 {[%emt 0:01:01]} 19. O-O-O {[%emt 0:03:52]} Nf2 {[%emt 0:08:00]} 20. Kb1 {[%emt 0:00:38]} Nxh1 {[%emt 0:00:22]} 21. Rxh1 {[%emt 0:00:27]} Nxf3 {[%emt 0:01:44]} 22. gxf3 {[%emt 0:00:04]} Bf5 {[%emt 0:03:32]} 23. Nc3 {[%emt 0:01:50]} Qf2 {[%emt 0:05:15]} 24. Rc1 {[%emt 0:01:26]} Qxf3 {[%emt 0:01:57]} 25. Nd3 {[%emt 0:00:36]} Rc8 {[%emt 0:00:53]} 0-1

[Event "EIWCC 2017"]
[Site "Riga"]
[Date "2017.04.12"]
[Round "2"]
[White "Beydullayeva, Govhar"]
[Black "Pustovoitova, Daria"]
[Result "0-1"]
[WhiteElo "2054"]
[BlackElo "2411"]
[Annotator "ChessBase"]
[PlyCount "68"]
[EventDate "2017.??.??"]
[EventType "swiss"]
[EventCountry "LAT"]
[SourceTitle "playchess.com"]
[Source "ChessBase"]
[SourceQuality "1"]
[TimeControl "40/5400+30:1800+30"]

1. c4 {[%emt 0:00:00]} e5 {[%emt 0:00:51]} 2. g3 {[%emt 0:00:00]} Nf6 {[%emt 0:00:48]} 3. Bg2 {[%emt 0:00:19]} Nc6 {[%emt 0:00:24]} 4. Nc3 {[%emt 0:00:21]} Bb4 {[%emt 0:00:29]} 5. Nd5 {[%emt 0:00:49]} Nxd5 {[%emt 0:01:40]} 6. cxd5 {[%emt 0:02:00]} Ne7 {[%emt 0:00:07]} 7. a3 {[%emt 0:03:39]} Bc5 {[%emt 0:00:29]} 8. Nf3 {[%emt 0:13:36]} d6 {[%emt 0:03:56]} 9. d4 {[%emt 0:03:01]} exd4 {[%emt 0:00:31]} 10. Nxd4 {[%emt 0:00:05]} O-O {[%emt 0:00:21]} 11. b4 {[%emt 0:02:34]} Bb6 {[%emt 0:01:32]} 12. Bb2 {[%emt 0:02:08]} a5 {[%emt 0:00:32]} 13. O-O {[%emt 0:04:16]} Ng6 {[%emt 0:03:10]} 14. Qc2 {[%emt 0:07:45]} Re8 {[%emt 0:08:52]} 15. e4 {[%emt 0:05:49]} Ne5 {[%emt 0:01:43]} 16. Kh1 {[%emt 0:02:32]} Bd7 {[%emt 0:03:09]} 17. f4 {[%emt 0:12:10]} Ng4 {[%emt 0:00:54]} 18. Rae1 {[%emt 0:02:02]} axb4 {[%emt 0:03:13]} 19. axb4 {[%emt 0:00:30]} Qf6 {[%emt 0:00:56]} 20. Nf5 {[%emt 0:16:42]} Ra2 {[%emt 0:12:49]} 21. Re2 {[%emt 0:06:16]} Bxf5 {[%emt 0:00:57]} 22. exf5 {[%emt 0:01:39]} Qd8 {[%emt 0:07:27]} 23. Rxe8+ {[%emt 0:06:09]} Qxe8 {[%emt 0:00:05]} 24. h3 {[%emt 0:02:33]} Ne3 {[%emt 0:04:53]} 25. Re1 {[%emt 0:00:42]} Qa8 {[%emt 0:09:01]} 26. Qc3 {[%emt 0:01:32]} f6 {[%emt 0:04:51]} 27. Be4 {[%emt 0:00:38]} Qe8 {[%emt 0:00:41]} 28. Bg2 {[%emt 0:01:24]} Qa4 {[%emt 0:01:49]} 29. Be4 {[%emt 0:00:43]} Nd1 {[%emt 0:01:08]} 30. Qd2 {[%emt 0:01:48]} Nf2+ {[%emt 0:03:17]} 31. Kg2 {[%emt 0:00:37]} Qb3 {[%emt 0:00:39]} 32. Bf3 {[%emt 0:00:51]} Rxb2 {[%emt 0:01:11]} 33. Re8+ {[%emt 0:00:23]} Kf7 {[%emt 0:00:01]} 34. Bh5+ {[%emt 0:00:08]} g6 {[%emt 0:00:02]} 0-1

[Event "EIWCC 2017"]
[Site "Riga"]
[Date "2017.04.12"]
[Round "2"]
[White "Ozbay, Ece"]
[Black "Arabidze, Meri"]
[Result "0-1"]
[WhiteElo "2035"]
[BlackElo "2373"]
[Annotator "ChessBase"]
[PlyCount "104"]
[EventDate "2017.??.??"]
[EventType "swiss"]
[EventCountry "LAT"]
[SourceTitle "playchess.com"]
[Source "ChessBase"]
[SourceQuality "1"]
[TimeControl "40/5400+30:1800+30"]

1. e4 {[%emt 0:00:00]} c5 {[%emt 0:00:06]} 2. Nf3 {[%emt 0:00:00]} e6 {[%emt 0:00:04]} 3. d4 {[%emt 0:00:00]} cxd4 {[%emt 0:00:05]} 4. Nxd4 {[%emt 0:00:00]} a6 {[%emt 0:00:02]} 5. Nc3 {[%emt 0:00:14]} Qc7 {[%emt 0:00:07]} 6. Be2 {[%emt 0:00:05]} Nf6 {[%emt 0:00:21]} 7. O-O {[%emt 0:00:24]} Be7 {[%emt 0:00:16]} 8. a4 {[%emt 0:01:42]} O-O {[%emt 0:01:30]} 9. Be3 {[%emt 0:03:09]} d6 {[%emt 0:01:42]} 10. a5 {[%emt 0:02:02]} Nbd7 {[%emt 0:03:33]} 11. Nb3 {[%emt 0:03:48]} Rd8 {[%emt 0:10:41]} 12. f4 {[%emt 0:07:34]} b5 {[%emt 0:12:54]} 13. axb6 {[%emt 0:05:22]} Nxb6 {[%emt 0:00:05]} 14. Qd4 {[%emt 0:00:34]} Nfd7 {[%emt 0:04:40]} 15. e5 {[%emt 0:13:26]} Bb7 {[%emt 0:09:13]} 16. Rad1 {[%emt 0:12:52]} Nc8 {[%emt 0:09:59]} 17. exd6 {[%emt 0:05:31]} Nxd6 {[%emt 0:01:49]} 18. Bd3 {[%emt 0:09:14]} g6 {[%emt 0:04:52]} 19. Na4 {[%emt 0:11:15]} Bf6 {[%emt 0:05:54]} 20. Qb4 {[%emt 0:00:24]} a5 {[%emt 0:00:20]} 21. Qa3 {[%emt 0:03:36]} Nc4 {[%emt 0:06:49]} 22. Bxc4 {[%emt 0:02:21]} Qxc4 {[%emt 0:00:07]} 23. Rf2 {[%emt 0:15:16]} Nc5 {[%emt 0:10:42]} 24. Nd2 {[%emt 0:02:26]} Qxa4 {[%emt 0:06:11]} 25. Qxc5 {[%emt 0:00:40]} Rdc8 {[%emt 0:01:38]} 26. Qb6 {[%emt 0:00:26]} Qxc2 {[%emt 0:00:48]} 27. Re1 {[%emt 0:00:25]} Qc7 {[%emt 0:03:03]} 28. Qxc7 {[%emt 0:00:41]} Rxc7 {[%emt 0:00:01]} 29. b3 {[%emt 0:00:01]} Bd5 {[%emt 0:00:44]} 30. Rb1 {[%emt 0:00:48]} Rc3 {[%emt 0:01:00]} 31. Re2 {[%emt 0:00:42]} Rb8 {[%emt 0:00:40]} 32. Bf2 {[%emt 0:00:22]} h5 {[%emt 0:01:51]} 33. Ra1 {[%emt 0:00:32]} Rb5 {[%emt 0:00:52]} 34. Be1 {[%emt 0:00:30]} Rc2 {[%emt 0:01:00]} 35. Ra3 {[%emt 0:00:28]} Be7 {[%emt 0:01:02]} 36. Ra1 {[%emt 0:00:31]} Bxb3 {[%emt 0:01:17]} 37. Re4 {[%emt 0:00:35]} Bd5 {[%emt 0:01:01]} 38. Rea4 {[%emt 0:00:29]} Bc5+ {[%emt 0:00:55]} 39. Kh1 {[%emt 0:00:34]} Bb4 {[%emt 0:00:21]} 40. Nf3 {[%emt 0:00:00]} Bxf3 {[%emt 0:01:06]} 41. gxf3 {[%emt 0:00:27]} Bxe1 {[%emt 0:00:34]} 42. Rxe1 {[%emt 0:00:02]} Rbb2 {[%emt 0:00:13]} 43. Rxa5 {[%emt 0:00:24]} Rxh2+ {[%emt 0:00:09]} 44. Kg1 {[%emt 0:00:03]} Rbg2+ {[%emt 0:00:14]} 45. Kf1 {[%emt 0:00:04]} h4 {[%emt 0:01:39]} 46. Rg5 {[%emt 0:06:25]} Rxg5 {[%emt 0:00:34]} 47. fxg5 {[%emt 0:00:07]} Rh1+ {[%emt 0:00:06]} 48. Kf2 {[%emt 0:00:09]} Rxe1 {[%emt 0:00:13]} 49. Kxe1 {[%emt 0:00:02]} f6 {[%emt 0:00:21]} 50. gxf6 {[%emt 0:01:30]} Kf7 {[%emt 0:00:26]} 51. Kf2 {[%emt 0:00:06]} Kxf6 {[%emt 0:00:06]} 52. Kg2 {[%emt 0:00:03]} Kf5 {[%emt 0:00:11]} 0-1

[Event "EIWCC 2017"]
[Site "Riga"]
[Date "2017.04.13"]
[Round "3"]
[White "Muzychuk, Anna"]
[Black "Badelka, Olga"]
[Result "1-0"]
[WhiteElo "2587"]
[BlackElo "2362"]
[Annotator "TA"]
[PlyCount "143"]
[EventDate "2017.??.??"]
[EventType "swiss"]
[EventCountry "LAT"]
[SourceTitle "playchess.com"]
[Source "ChessBase"]
[SourceQuality "1"]

{[%evp 24,143,37,0,49,40,45,45,37,37,36,45,40,41,118,115,118,114,99,98,113,112,116,101,103,106,118,126,109,113,98,101,118,102,114,82,171,173,199,189,190,184,212,152,214,170,167,130,215,223,228,225,215,201,211,114,332,343,345,334,349,357,458,458,448,432,458,458,500,500,500,500,495,495,487,487,487,487,479,479,415,418,415,342,904,897,757,466,702,458,506,482,3214,3289,3588,2943,3486,3493,2133,2138,1654,1658,2105,823,29949,29953,29946,29953,29948,29949,12850,29938,29957,29959,29975,29976,29975,29976,29980,29981,29981,29982]} 1. e4 c5 2. Nf3 Nc6 3. d4 cxd4 4. Nxd4 e5 5. Nb5 {[%cal Bd4b5,Bb5a3,Ba3c4][%mdl 32]} d6 6. N1c3 a6 7. Na3 Be7 8. Nc4 b5 {B32: Sicilian: Löwenthal and Kalashnikov Variations} 9. Ne3 Nf6 10. Bd3 O-O 11. O-O Rb8 12. Ncd5 Nxd5 13. exd5 {LiveBook: 4 Games} Nb4 $146 (13... Na5 14. a4 b4 15. Bd2 f5 16. c3 bxc3 17. Bxc3 e4 18. Bc2 Bf6 19. g3 Bd7 20. Rb1 Nb7 {½-½ (20) Shirov,A (2723)-Ivanchuk,V (2699) Wijk aan Zee 2003}) 14. Be2 {And now c3 would win.} a5 $1 15. a4 $1 {[%cal Ra4b5]} bxa4 16. Rxa4 Ra8 17. Bd2 Bd7 18. Ra3 Qb8 (18... e4 $14) 19. c3 $16 Na6 {[%cal Bb4a6,Ba6c5,Bc5e4][%mdl 32]} 20. Rxa5 Nc5 21. Rxa8 Qxa8 22. b4 Ne4 23. Be1 f5 24. Bd3 Bg5 25. Qe2 Nf6 26. Bxf5 ({Weaker is} 26. Nxf5 e4 27. Ne7+ Kf7 28. Bxe4 Nxe4 29. Qxe4 Bxe7 $17) 26... Bxe3 27. Bxd7 Nxd7 28. Qxe3 Qxd5 29. Qd2 Qe6 (29... Nb6 $16 {was necessary.}) 30. f3 $18 Nb6 31. Bf2 Nc4 32. Qa2 d5 33. Rd1 Rc8 (33... Qc6 $16 34. Ra1 Rc8) 34. Bc5 h6 35. Ra1 e4 (35... Rd8 $16) 36. fxe4 dxe4 37. Qe2 Rd8 {[#]} 38. Bd4 $1 Nd6 39. Ra7 (39. Ra6 $18) 39... Rd7 $2 (39... Nf5 $16) 40. Rxd7 Qxd7 41. Bc5 Nb5 42. h3 ({Less strong is} 42. Qxe4 Qd1+ 43. Kf2 Qd2+ 44. Qe2 (44. Kg3 Nxc3 45. Qe6+ Kh8 $16) 44... Qf4+ 45. Qf3 Qd2+ 46. Kg3 Nxc3 $18) 42... Nxc3 43. Qc4+ Nd5 {intending ...Qe6.} 44. Qxe4 Nc7 45. Qe7 Qxe7 46. Bxe7 {[%mdl 4096] Endgame KB-KN} Kf7 47. Bc5 Ke6 48. Bf8 Kf7 {[#]} 49. Bd6 $1 Nb5 50. Be5 g6 51. Kf2 Ke6 52. Bg7 h5 53. Ke3 Kd5 $2 (53... g5 54. Bh6 Kf6) 54. Kf4 Ke6 55. Be5 Na7 (55... g5+ $142 56. Ke4 (56. Kxg5 Kxe5 57. Kxh5 Kf6 $18) 56... Na3) 56. Ke4 Nc6 57. Bc3 Na7 (57... Nd8 $142 58. b5 Nf7) 58. h4 Nb5 59. Be5 Na7 60. g3 Nc6 61. Bc3 Na7 62. Bd2 Nc6 63. b5 {[%cal Bb4b5,Bb5b6][%mdl 32]} Na7 64. b6 Nc8 65. Be3 Nd6+ 66. Kd4 Nb7 67. Bf4 Ke7 {White mates.} 68. Ke5 Nd6 69. Kd5 Nb7 70. Kc6 Nd8+ 71. Kc7 Ne6+ 72. Kc8 1-0

[Event "EIWCC 2017"]
[Site "Riga"]
[Date "2017.04.13"]
[Round "3"]
[White "Lagno, Kateryna"]
[Black "Mammadova, Gulnar"]
[Result "1-0"]
[WhiteElo "2543"]
[BlackElo "2357"]
[Annotator "TA"]
[PlyCount "77"]
[EventDate "2017.??.??"]
[EventType "swiss"]
[EventCountry "LAT"]
[SourceTitle "playchess.com"]
[Source "ChessBase"]
[SourceQuality "1"]

{[%evp 14,77,35,36,88,93,127,68,155,154,159,166,156,150,152,133,180,95,97,78,62,62,78,60,91,87,78,32,44,47,73,21,72,13,2,0,0,0,56,48,44,57,56,32,45,36,40,38,237,179,322,323,375,377,370,360,337,245,268,204,386,393,402,390,400,384]} 1. e4 g6 2. d4 Bg7 3. Nc3 d6 4. Be3 a6 5. Nf3 Nf6 6. Qd2 O-O 7. Bh6 {B08: Pirc Defence: Classical System} (7. Bd3 Nc6 8. h3 e5 9. d5 Ne7 10. O-O-O b5 11. Bh6 b4 12. Bxg7 Kxg7 13. Ne2 c6 14. dxc6 Nxc6 15. Bc4 Qb6 16. Ng3 Na5 17. Bb3 Nxb3+ 18. axb3 Re8 {0-1 (38) Bok,B (2608)-Smirin,I (2667) Wijk aan Zee 2017}) 7... b5 8. Bd3 {LiveBook: 58 Games} b4 (8... Nc6 $14) 9. Ne2 $16 {White is better.} c5 10. dxc5 $146 (10. Bxg7 $16 Kxg7 11. e5 dxe5 12. dxe5) (10. Bxg7 Kxg7 11. e5 Ng4 12. h3 Nh6 13. Ng3 f6 14. dxc5 dxe5 15. Qxb4 {1-0 (37) Warren,R (1765)-Lovakovic,F (2045) IECG email 2003}) 10... dxc5 (10... Nc6 $14) 11. e5 Ng4 12. Bxg7 Kxg7 13. h3 Nh6 14. Ng3 f6 15. h4 (15. Qf4 $18) 15... c4 16. Be4 Qxd2+ 17. Nxd2 Ra7 18. Nxc4 Be6 19. exf6+ exf6 20. Bd3 Bxc4 21. Bxc4 Re8+ 22. Kf1 (22. Be2 $16) 22... Nd7 (22... Rc8 $11 23. Bb3 Nc6) 23. Re1 (23. h5 $16) 23... Rc8 $11 24. Re7+ Kf8 25. Re4 Ne5 ({Black should play} 25... a5 $11) 26. Bb3 $14 a5 27. a4 Nd7 28. h5 {[#] aiming for hxg6.} g5 $1 29. Re6 Ng4 $1 30. Ne4 $36 {[%mdl 2048] f3 is the strong threat. Black is under pressure.} Rac7 $2 ({Black should try} 30... f5 $1 $14) 31. Rh3 ({Don't play} 31. Nd6 $6 Rd8 $16) 31... Rc6 (31... f5 {might work better.}) 32. Rd3 $18 Nde5 33. Rxc6 Rxc6 34. Rd8+ Kg7 35. Rd5 Nc4 36. Rc5 Nd2+ $2 {[#]} (36... Rxc5 37. Nxc5 Nd6) 37. Ke1 {White is winning.} Rxc5 38. Nxc5 Nxb3 39. Nxb3 ({Less strong is} 39. cxb3 Ne5 40. Kd2 Kh6 $18) 1-0

[Event "EIWCC 2017"]
[Site "Riga"]
[Date "2017.04.13"]
[Round "3"]
[White "Stefanova, Antoaneta"]
[Black "Gara, Anita"]
[Result "1/2-1/2"]
[WhiteElo "2527"]
[BlackElo "2354"]
[Annotator "TA"]
[PlyCount "97"]
[EventDate "2017.??.??"]
[EventType "swiss"]
[EventCountry "LAT"]
[SourceTitle "playchess.com"]
[Source "ChessBase"]
[SourceQuality "1"]

{[%evp 19,97,15,14,10,12,4,18,20,26,7,8,6,12,-3,11,12,75,60,99,32,36,35,35,35,35,35,35,28,35,27,35,28,30,24,31,33,28,33,32,31,30,27,35,27,29,8,25,4,5,4,6,4,4,0,0,0,0,0,0,-59,0,-27,0,0,0,0,8,8,8,12,23,0,0,0,0,0,0,0,0,0]} 1. d4 Nf6 2. c4 g6 3. Nf3 Bg7 4. g3 O-O 5. Bg2 c6 6. O-O d5 7. Nbd2 Bf5 8. Re1 Nbd7 9. b3 {[%cal Bb2b3,Bb3b4][%mdl 32]} Ne4 10. Bb2 Qa5 11. a3 {D78: Fianchetto Grünfeld: 6 0-0 c6} Rfe8 (11... b5 12. b4 Qc7 13. c5 a5 14. Nb3 a4 15. Nc1 f6 16. Nd2 Nxd2 17. Qxd2 e5 18. e4 Bxe4 19. Bxe4 dxe4 20. Rxe4 {0-1 (83) Georgiev,K (2666)-Kovchan,A (2563) Aix les Bains 2011}) 12. e3 $146 (12. b4 Qb6 13. c5 Qc7 14. Nh4 Nxd2 15. Nxf5 Nc4 16. Nxg7 Kxg7 17. Bc3 f5 18. a4 Nf6 {0-1 (43) Pogosyan,S (2155)-Vasilyan,S (1934) Yerevan 2016}) 12... Rac8 13. b4 Qd8 14. Qb3 Nb6 15. c5 Nd7 16. Rad1 Nxd2 (16... b6 $5 {is more complex.} 17. Nh4 Be6 18. Qc2 Nxd2 19. Rxd2 a5) 17. Nxd2 e5 (17... a5 $11 {keeps the balance.}) 18. e4 dxe4 {[#]} 19. Nxe4 (19. dxe5 $1 $16 {Threatens to win with Nc4.} Bxe5 20. Nc4 (20. Bxe4 Bg4 $11) (20. Nxe4 Bxb2 21. Qxb2 Bxe4 22. Bxe4 Qf6 $14)) 19... Bxe4 $14 20. Rxe4 {Black must now prevent dxe5.} exd4 21. Rf4 Qe7 22. Bxd4 Bxd4 23. Rfxd4 Nf6 24. Qd3 Kg7 25. Bf3 Qe5 26. Kg2 Rc7 {[%cal Bc8c7,Bc7e7,Be7e1][%mdl 32]} 27. Rd2 Qe1 28. Qc3 Rce7 29. a4 a6 30. Qb2 Qe5 31. Qc2 h5 32. Qc4 Qg5 33. Qc3 Re1 34. h4 Qe5 35. Qc4 Re7 36. Rd1 Rxd1 37. Rxd1 Rd7 38. Rxd7 Nxd7 39. g4 (39. Qd3 $11 Nf6 40. Qd8) 39... hxg4 (39... Qf6 $1 $15 40. Be2 (40. gxh5 $2 Qxf3+ 41. Kxf3 Ne5+ 42. Ke4 Nxc4 $19) 40... Qxh4) 40. Qxg4 Nf6 41. Qg5 Qd4 42. h5 Nd7 43. hxg6 fxg6 44. Qe7+ Kh6 45. a5 Ne5 {The position is equal.} 46. Qf8+ Kh7 47. Qe7+ Kh6 48. Qf8+ Kh7 49. Qe7+ 1/2-1/2

[Event "EIWCC 2017"]
[Site "Riga"]
[Date "2017.04.13"]
[Round "3"]
[White "Pogonina, Natalija"]
[Black "Milliet, Sophie"]
[Result "1-0"]
[WhiteElo "2478"]
[BlackElo "2352"]
[Annotator "TA"]
[PlyCount "81"]
[EventDate "2017.??.??"]
[EventType "swiss"]
[EventCountry "LAT"]
[SourceTitle "playchess.com"]
[Source "ChessBase"]
[SourceQuality "1"]

{[%evp 19,81,23,34,2,8,0,0,0,0,0,0,8,8,3,19,11,109,108,119,113,127,103,112,109,111,93,110,63,74,63,66,37,34,22,23,25,28,0,31,33,339,256,253,247,490,511,511,504,513,496,506,486,645,637,807,804,867,827,1038,1041,881,816,3575,3230]} 1. d4 Nf6 2. c4 e6 3. Nc3 Bb4 4. e3 b6 5. Bd3 Bb7 6. Nf3 O-O 7. O-O c5 8. Na4 cxd4 9. exd4 Re8 10. a3 Bf8 11. b4 {E43: Nimzo-Indian: Rubinstein: 4...b6} (11. Bf4 Bxf3 12. Qxf3 Nc6 13. d5 exd5 14. cxd5 Ne5 15. Qd1 Nxd3 16. Qxd3 Re4 {0-1 (16) Yu,Y (2736)-Carlsen,M (2834) Doha 2015}) 11... a5 12. b5 {aiming for c5.} d6 13. h3 $146 {The position is equal.} (13. Bb2 Nbd7 14. Rc1 Rc8 15. Re1 d5 16. Ne5 Nxe5 17. dxe5 Nd7 18. cxd5 Bxd5 19. Rxc8 Qxc8 {½-½ (33) Lupulescu,C (2618)-Pelletier,Y (2555) Baku 2016}) 13... Nbd7 14. Be3 Rc8 15. Rc1 e5 {Strongly threatening ...e4.} 16. Be2 Ne4 17. dxe5 dxe5 {[#]} (17... Nec5 $11) 18. Nxb6 $1 $16 {[%mdl 512]} Rc7 (18... Nxb6 19. Qxd8) 19. Nxd7 Rxd7 20. Qb3 Nc5 21. Qc3 Bxf3 22. Bxf3 ({But not} 22. gxf3 Qh4 23. Kh2 (23. Qxa5 $2 Qxh3 24. Rc3 Re6 $19) 23... Ne6 $11) 22... Rd3 23. Qc2 {Bc6 is the strong threat.} e4 24. Be2 Rxa3 25. Rcd1 Qc7 26. Rd5 a4 27. Rfd1 g6 28. Qb2 Rb3 29. Qf6 {Black must now prevent Bd4.} Re6 $2 {[%mdl 8192]} (29... Be7 $14 30. Qe5 Qxe5 31. Rxe5 Ne6) 30. Qd8 $40 {[%mdl 128] White is out for blood.} Qxd8 31. Rxd8 {Threatening mate with Bh6.} Kg7 $2 (31... Rxe3 32. fxe3 Kg7) 32. Bd4+ $18 {White is clearly winning.} f6 {[#]} 33. Rxf8 $1 {[%mdl 512]} Kxf8 34. Bxc5+ Ke8 35. Ra1 e3 36. fxe3 a3 37. Bf3 Re5 38. Bxa3 Rexe3 39. Bc6+ Kf7 40. Bc5 {And now Ra7+ would win.} Red3 41. Ra7+ 1-0